| 000 | 00559nam a22001817a 4500 | ||
|---|---|---|---|
| 010 | _aENG-119980 | ||
| 020 |
_a9788182203471 _c950.00 |
||
| 035 | _aEN-103512 | ||
| 037 | _bDBAD/PUB | ||
| 082 | _a551.6 | ||
| 100 | _aMalhotra, Ravi | ||
| 245 |
_aClimatology / _cby Ravi Malhotra |
||
| 260 |
_aNew Delhi _bGlobal Vision Publishing House _c2010 |
||
| 270 |
_a20, Ansari Road, Daryaganj, _bDelhi _e110002 |
||
| 300 |
_ax.457p. : _c22cm(hb). _bill. |
||
| 500 | _aIncludes bibliographical reference and index | ||
| 942 |
_2ddc _cEN _h551.6 _mMAL |
||
| 999 |
_c144136 _d144136 |
||